000 01145nam a2200205 a 4500
008 130730s2011 ||||||||||||||||| || u
050 _aAGOA(02)2011/1
110 _aCommon Market for Eastern and Southern Africa (COMESA)
245 1 0 _aImproving AGOA : toward a new framework for U.S. - Africa commercial engagement
_cby Common Market for Eastern and Southern Africa [COMESA]
260 _aLusaka:
_bCommon Market for Eastern and Southern Africa (COMESA)
_c2011
300 _aiii, 40 pages : illustrations
362 1 _a<p>May 2011</p>
500 _aBibliography
650 _aAFRICAN GROWTH AND OPPORTUNITY ACT (AGOA)
650 _aUNITED STATES-AFRICA TRADE RELATIONS--IMPORT AND EXPORT
650 _aAFRICA--COMMERCE
995 _aSPECIAL COLLECTIONS
_e4362
_FCBU-MAIN LIBRARY (Kitwe)
_jAGOA(02)2011/1C
_M3
_UAVAILABLE
_WMar 4, 2021
_yB4362
_ZZambiana Collection
995 _aSPECIAL COLLECTIONS
_e863
_FCBU-MAIN LIBRARY (Kitwe)
_jAGOA(02)2011/1
_M1
_UAVAILABLE
_WAug 6, 2013
_yB863
_ZInternational Publications
995 _aSPECIAL COLLECTIONS
_e4361
_FCBU-MAIN LIBRARY (Kitwe)
_jAGOA(02)2011/1B
_M2
_UAVAILABLE
_WMar 4, 2021
_yB4361
_ZZambiana Collection
999 _c76437
_d76437